Nil desperandum (Record no. 80988)

MARC details
000 -LEADER
fixed length control field 01170cab a22002415a 4500
001 - CONTROL NUMBER
control field L145947
008 - FIXED-LENGTH DATA ELEMENTS--GENERAL INFORMATION
fixed length control field 081125e20081122xxkd f g 000 0 eng d
035 ## - SYSTEM CONTROL NUMBER
System control number (Sirsi) u145947
041 0# - LANGUAGE CODE
Language code of text/sound track or separate title eng
100 1# - MAIN ENTRY--PERSONAL NAME
Personal name Densham, Will
245 00 - TITLE STATEMENT
Title Nil desperandum
260 ## - PUBLICATION, DISTRIBUTION, ETC.
Date of publication, distribution, etc. 2008
490 ## - SERIES STATEMENT
Series statement Estates Gazette
Volume/sequential designation (0846) 22 November 2008, 110-111(2)
520 ## - SUMMARY, ETC.
Summary, etc. Article looks at the judgement in Scottish and Newcastle PLC v Raguz [2008] UKHL 65 and discusses the implications for landlords seeking to reclaim unascertained sums from former tenants and their guarantors. The author looks at statements of account and highlights the fact that as a result of this judgement, the future use of nil notices looks unlikely. Confusion over which procedure to follow remains and a flow chart is provided to help landlords and managing agents.
590 ## - LOCAL NOTE (RLIN)
Local note KA
650 24 - SUBJECT ADDED ENTRY--TOPICAL TERM
Topical term or geographic name entry element SCOTTISH & NEWCASTLE PLC V RAGUZ
650 24 - SUBJECT ADDED ENTRY--TOPICAL TERM
Topical term or geographic name entry element COMMERCIAL UNION LIFE ASSURANCE CO LTD V MOUSTAFA
650 24 - SUBJECT ADDED ENTRY--TOPICAL TERM
Topical term or geographic name entry element LANDLORD AND TENANT (COVENANTS) ACT 1995
651 #4 - SUBJECT ADDED ENTRY--GEOGRAPHIC NAME
Geographic name United Kingdom
Chronological subdivision
690 ## - LOCAL SUBJECT ADDED ENTRY--TOPICAL TERM (OCLC, RLIN)
Topical term or geographic name as entry element PROPERTY-COMMERCIAL PROPERTY-COMMERCIAL LANDLORD AND TENANT
700 1# - ADDED ENTRY--PERSONAL NAME
Personal name Shelton, Mark
942 ## - ADDED ENTRY ELEMENTS (KOHA)
Suppress in OPAC 0
Holdings
Withdrawn status Lost status Source of classification or shelving scheme Damaged status Not for loan Home library Current library Shelving location Date acquired Total Checkouts Full call number Barcode Date last seen Copy number Price effective from Koha item type
    Dewey Decimal Classification     London London Journal article 25/11/2008   L145947 145947-1001 06/08/2019 1 06/08/2019 Journal article